NASCAR Winners at the Charlotte Roval - Statistics

General Stats
  • This quiz has been taken 856 times
    267 since last reset
  • The average score is 11 of 14
Answer Stats
Year Winner % Correct
2019 Chase Elliott
95%
2020 Chase Elliott
95%
2021 Kyle Larson
93%
2024 Kyle Larson
93%
2018 Ryan Blaney
92%
2019 AJ Allmendinger
81%
2020 AJ Allmendinger
81%
2021 AJ Allmendinger
81%
2022 AJ Allmendinger
81%
2023 AJ Allmendinger
81%
2022 Christopher Bell
79%
2018 Chase Briscoe
55%
2023 Sam Mayer
53%
2024 Sam Mayer
53%
No matching quizzes found
Score Distribution
Percent of People with Each Score
Percentile by Number Answered
Your Score History
You have not taken this quiz since the last reset